Global journal of humanities

Bibliographic Details
Format: Electronic Journal
Language:English
Published: Calabar, Lagos : Baaj International Co.
Subjects:
Online Access:Full text available from Research Library: 01/01/2008 to 01/31/2009

MARC

LEADER 00000nas a2200000 a 4500
001 ssj0000492746
003 WaSeSS
005 20200512172242.0
006 m d
007 cr n
008 061016c200u9999nr fx p s 0 0eng c
010 |a  2006257293 
022 |l 1596-6232  |y 1596-6232 
035 |a (WaSeSS)ssj0000492746 
040 |a INU  |b eng  |c INU  |d DLC  |d OCLCQ  |d OCLCO  |d CUS  |d OCLCF  |d OCLCO  |d OCLCA  |d WaSeSS 
042 |a pcc 
043 |a f-nr--- 
050 0 0 |a AS633.A1  |b G57 
245 0 0 |a Global journal of humanities  |h [electronic resource]. 
260 |a Calabar, Lagos :  |b Baaj International Co. 
310 |a Two times a year 
506 |a License restrictions may limit access. 
580 |a One of a series of journals whose parent journal is the Global journal of pure and applied sciences. 
588 |a Description based on: Vol. 2, nos. 1 & 2 (2003); title from cover. 
588 |a Latest issue consulted: Vol. 5, no. 1 & 2 (2006). 
650 0 |a Humanities  |z Nigeria  |v Periodicals. 
650 0 |a Humanities  |v Periodicals. 
650 7 |a Humanities.  |2 fast  |0 (OCoLC)fst00963588 
651 7 |a Nigeria.  |2 fast  |0 (OCoLC)fst01205229 
655 0 |a Electronic journals. 
730 0 |a Global journal of pure and applied sciences. 
787 1 |t Global journal of pure and applied sciences  |x 1118-0579  |w (DLC) 96644263  |w (OCoLC)36144943 
850 |a DLC 
856 4 0 |z Full text available from Research Library: 01/01/2008 to 01/31/2009  |u https://search.proquest.com/publication/55121